[Event "GRE-chT U16"]
[Site "Thessaloniki"]
[Date "2021.12.17"]
[Round "3.5"]
[White "Gkoutzouki, Aikaterini Argyro"]
[Black "Koukoumpi, Athanasia"]
[Result "1-0"]
[WhiteElo "1522"]
[BlackElo "1168"]
[PlyCount "77"]
[EventDate "2021.12.16"]
[EventType "team-swiss"]
[EventRounds "6"]
[EventCountry "GRE"]
[SourceTitle "CBM 205 Extra"]
[Source "ChessBase"]
[SourceDate "2022.01.31"]
[SourceVersion "1"]
[SourceVersionDate "2022.01.31"]
[SourceQuality "1"]
[WhiteTeam "Kerkiras"]
[BlackTeam "Polygyrou ASO"]
[WhiteTeamCountry "GRE"]
[BlackTeamCountry "GRE"]

1. d4 Nf6 2. Nf3 d6 3. c4 g6 4. Nc3 Bg7 5. e4 Nbd7 6. Be2 0-0 7. 0-0 b6 8. Qc2 Bb7 9. Rb1 e5 10. d5 a5 11. a3 Rc8 12. Rd1 Qe7 13. h3 Nc5 14. b4 axb4 15. axb4 Ncd7 16. Be3 Rb8 17. Nb5 Rfc8 18. Qd3 Ra8 19. Ra1 Qd8 20. Na7 Rcb8 21. Ra3 Qe7 22. Rda1 Re8 23. Qb1 Rab8 24. Nd2 Kh8 25. Qd3 Ng8 26. Nb1 Rf8 27. Nc3 f5 28. f3 f4 29. Bf2 Ndf6 30. Bd1 Ra8 31. Ncb5 Nh5 32. Qc3 Ngf6 33. Qc1 Ng3 34. c5 bxc5 35. bxc5 Qe8 36. Nxc7 Qd8 37. Nxa8 Bxa8 38. c6 Rf7 39. Nb5 1-0

[Event "GRE-chT2 48th"]
[Site "Thessaloniki"]
[Date "2021.10.06"]
[Round "2.4"]
[White "Christoforidou, Kalliopi"]
[Black "Koukoumpi, Athanasia"]
[Result "1-0"]
[WhiteElo "1225"]
[BlackElo "1196"]
[PlyCount "107"]
[EventDate "2021.10.05"]
[EventType "team-swiss"]
[EventRounds "7"]
[EventCountry "GRE"]
[SourceTitle "CBM 204 Extra"]
[Source "ChessBase"]
[SourceDate "2021.11.30"]
[SourceVersion "1"]
[SourceVersionDate "2021.11.30"]
[SourceQuality "1"]
[WhiteTeam "Serron PSSK"]
[BlackTeam "Polygyrou ASO"]
[WhiteTeamCountry "GRE"]
[BlackTeamCountry "GRE"]

1. e4 c5 2. Nf3 Nc6 3. Bc4 e6 4. Nc3 Nge7 5. d4 cxd4 6. Nxd4 Nxd4 7. Qxd4 Nc6 8. Qd1 Bc5 9. 0-0 Qf6 10. Qh5 b6 11. Be3 Be7 12. f4 Qh4 13. Qxh4 Bxh4 14. f5 0-0 15. Rad1 Rd8 16. Nb5 Ba6 17. Bf4 Rac8 18. fxe6 dxe6 19. c3 Rxd1 20. Rxd1 Rd8 21. Rf1 Rc8 22. b3 Na5 23. Nxa7 Bxc4 24. Nxc8 Bxf1 25. Kxf1 Bf6 26. c4 Bd4 27. Bc7 Nc6 28. Bxb6 Be5 29. g3 Kf8 30. a4 Ke8 31. Na7 Nb4 32. a5 Kd7 33. Ke2 h6 34. Ke3 g6 35. Bd4 Bc7 36. Bb6 Be5 37. c5 h5 38. Nb5 Kc6 39. Nd4+ Kb7 40. Nf3 Bf6 41. e5 Be7 42. Kd4 Kc6 43. Kc4 Nd5 44. Nd4+ Kb7 45. Kb5 Nc3+ 46. Kc4 Nd5 47. c6+ Kc8 48. Nb5 Kb8 49. Nd6 Bg5 50. Kb5 Nc3+ 51. Ka6 Nd5 52. Ne8 Kc8 53. Ka7 Be7 54. Nd6+ 1-0

[Event "Thessaloniki/Chalkidiki-chT"]
[Site "Thessaloniki/Chalkidiki"]
[Date "2019.02.24"]
[Round "6.6"]
[White "Koukoumpi, Athanasia"]
[Black "Kotanidou, Zinaida"]
[Result "1-0"]
[WhiteElo "1227"]
[BlackElo "1208"]
[PlyCount "59"]
[EventDate "2019.01.13"]
[EventType "team-tourn"]
[EventRounds "9"]
[EventCountry "GRE"]
[SourceTitle "EXT 2020"]
[Source "ChessBase"]
[SourceDate "2019.10.17"]
[SourceVersion "1"]
[SourceVersionDate "2019.10.17"]
[SourceQuality "1"]
[WhiteTeam "Polygyrou ASO"]
[BlackTeam "Thessaloniki SO Sach"]
[WhiteTeamCountry "GRE"]
[BlackTeamCountry "GRE"]

1. e4 e5 2. f4 d6 3. Nf3 Nd7 4. Nc3 Ngf6 5. Bc4 Be7 6. d3 0-0 7. Bd2 Re8 8. Qe2 Bf8 9. 0-0-0 g6 10. Qf2 Bg7 11. h4 Nh5 12. fxe5 dxe5 13. Ng5 Re7 14. Bxf7+ Kh8 15. Ne6 Rxe6 16. Bxe6 Qe7 17. Bb3 Nb6 18. Rdf1 Nf6 19. Bg5 Nbd7 20. Nd5 Qd6 21. Nxf6 Nxf6 22. Bxf6 Bxf6 23. Qxf6+ Qxf6 24. Rxf6 Bd7 25. Rf7 Rd8 26. Rhf1 c6 27. Rf8+ Rxf8 28. Rxf8+ Kg7 29. Rf7+ Kh6 30. Rxd7 1-0

[Event "EThessaloniki SSTH HALK-ch U16"]
[Site "Thessaloniki"]
[Date "2017.11.19"]
[Round "5.6"]
[White "Magkalaki, Eleni"]
[Black "Koukoumpi, Athanasia"]
[Result "0-1"]
[WhiteElo "1000"]
[BlackElo "1294"]
[PlyCount "78"]
[EventDate "2017.10.01"]
[EventType "swiss"]
[EventRounds "6"]
[EventCountry "GRE"]
[SourceTitle "EXT 2024"]
[Source "ChessBase"]
[SourceDate "2023.10.10"]
[SourceVersion "1"]
[SourceVersionDate "2023.10.10"]
[SourceQuality "1"]

1. d4 Nf6 2. Nf3 e6 3. e3 c5 4. c3 b6 5. Bd3 Bb7 6. Nbd2 Qc7 7. g3 Be7 8. Rg1 0-0 9. e4 d6 10. Ng5 h6 11. Ngf3 Nc6 12. g4 cxd4 13. Nxd4 Nxd4 14. cxd4 Nd7 15. b3 Qc3 16. Bb5 Qxa1 17. Qc2 Rac8 18. Nc4 Nf6 19. g5 hxg5 20. Rxg5 Qxd4 21. Bb2 Qxe4+ 22. Qxe4 Bxe4 23. Rg3 Rc5 24. f3 Bb7 25. Bc1 Rxb5 26. Bh6 Nh5 27. Rg4 Bxf3 28. Rg1 Kh7 29. Be3 Rd5 30. Kf2 Be4 31. Rg4 Rf5+ 32. Ke2 Bf3+ 33. Kd3 Bxg4 34. h3 Bxh3 35. a4 Rf3 36. Ke4 Rf5 37. Kd3 Rd5+ 38. Kc3 Bf6+ 39. Kc2 Bf5+ 0-1